000 00345nam a22001457a 4500
020 _a9781259029974
082 _a551.49
_bSUB/EN
100 _aSubramanya, K
_9149
245 _aEngineering Hydrology
250 _a4
260 _aNew Delhi
_bMcGraw Hill Education
_c2014
300 _a534
650 _aEngineerinh Hydrology
_9249
942 _cBK
999 _c14192
_d14192